Random Metallica Knowledge - Statistics

General Stats
  • This quiz has been taken 100 times
  • The average score is 8 of 10
Answer Stats
Hint Answer % Correct
Which album is For whom the bell tolls on? Ride the lightning
99%
In which year was the band formed? 1981
97%
The track about a guy being hit by a landmine One
97%
Which album won the grammy for the band The black album
97%
It was on the album? and justice for all
93%
Which one of James' family members die from cancer? Mom
81%
In which year? 2009
78%
Which one is the fifth album of the band? load
75%
Where did Cliff die? sweden
73%
Who inducted the band into the rock'n'roll hall of fame? Flea
25%
No matching quizzes found
Score Distribution
Percent of People with Each Score
Percentile by Number Answered
Your Score History
You have not taken this quiz